Normal view MARC view
  • KAUSER, DR. MOHAMMED SHEEBA

Entry Personal Name

Number of records used in: 1

001 - CONTROL NUMBER

  • control field: 8821

003 - CONTROL NUMBER IDENTIFIER

  • control field: JRU

005 - DATE AND TIME OF LATEST TRANSACTION

  • control field: 20251125121734.0

008 - FIXED-LENGTH DATA ELEMENTS

  • fixed length control field: 251125|| aca||aabn | a|a d

040 ## - CATALOGING SOURCE

  • Original cataloging agency: JRU
  • Transcribing agency: JRU

100 ## - HEADING--PERSONAL NAME

  • Personal name: KAUSER, DR. MOHAMMED SHEEBA

670 ## - SOURCE DATA FOUND

  • Source citation: Work cat.: (JRU)9003: KAUSER, DR. MOHAMMED SHEEBA , TEXT BOOK OF HUMAN ANATOMY AND PHYSIOLOGY - II [ B. PH. 2ND SEMESTER], 2024